Esterificación enzimática de ácidos grasos /

Guardado en:
Autor Principal: Trubiano, Gustavo.
Autor Corporativo: Universidad Nacional del Sur. Departamento de Ingeniería Química.
Otros Autores: Borio, Daniel Oscar., Errazu, Alberto.
Formato: Manuscrito
Idioma:Spanish
Publicado: 2008.
Materias:
Etiquetas: Agregar Etiqueta
Sin Etiquetas, Sea el primero en etiquetar este registro!
LEADER 01084ntm a22002535a 4500
001 EIQ.libpla004223
008 090923s2008####ag#a#####bm###000#0#spa#d
005 20121017144112.0
245 1 0 |a Esterificación enzimática de ácidos grasos /  |c Gustavo Trubiano. 
260 |c 2008. 
300 |a xix, 178 p. :  |b il. ;  |c 21 cm. 
500 |a "Tesis Doctoral en Ingeniería Química". 
502 |a Tesis (doctoral)--Universidad Nacional del Sur. Departamento de Ingeniería Química, 2009. 
500 |a Director de tesis: Daniel Oscar Borio, Alberto Errazu. 
504 |a Incluye referencias bibliográficas (p. 164-178). 
530 |a Disponible también en formato digital. 
100 1 |a Trubiano, Gustavo. 
700 1 |a Borio, Daniel Oscar. 
700 1 |a Errazu, Alberto. 
710 2 |a Universidad Nacional del Sur.  |b Departamento de Ingeniería Química. 
082 0 4 |a 660.634  |2 21 
650 7 |a Acidos grasos  |x Enzimas inmovilizadas  |x Esterificación enzimática 
650 7 |a Fatty acids  |x Immobilization enzymes  |x Enzymatic Esterification 
859 |a AR-BbSID  |b BIB. PLAPIQUI  |h 660.634  |i T76  |p 6137